| 000 | 00532nam a2200193Ia 4500 | ||
|---|---|---|---|
| 001 | 12531 | ||
| 003 | GE_BSU | ||
| 008 | 181216s||||||||xx |||||||||||||| ||und|| | ||
| 040 | _cGE_BSU | ||
| 080 | _aპერიოდიკა | ||
| 245 | _aРеферативный журнал.Биология.№8. 2014 | ||
| 245 | _cГл.ред.Петров Р.В. | ||
| 260 | _aМосква | ||
| 260 | _c2014 | ||
| 300 | _a36стр.30см. | ||
| 653 | _aБиология | ||
| 653 | _aРеферативный журнал. | ||
| 942 | _cCR | ||
| 999 |
_c45704 _d45704 |
||